000
003020000a22001450004500
003
MACL
040
_a
MACL
090
_c
2814
_d
2814
100
_a
Waines david
245
_a
An Introduction To Islam
260
_b
Cambridge University
_c
1995
350
_a
395
650
_a
Religion
942
_c
BOOK
_k
294
999
_c
2795
_d
2795